Britannica book of the year. (Record no. 16815)

000 -LEADER
fixed length control field 00976das a2200277 a 4500
022 ## - INTERNATIONAL STANDARD SERIAL NUMBER
ISSN 0068-1156
040 ## - CATALOGING SOURCE
Transcribing agency WAL
082 ## - DEWEY DECIMAL CLASSIFICATION NUMBER
Classification number 032 ENC 1990 A123 Or.
245 00 - TITLE STATEMENT
Title Britannica book of the year.
246 1# - VARYING FORM OF TITLE
Title proper/short title Encyclopaedia Britannica book of the year
246 30 - VARYING FORM OF TITLE
Title proper/short title Book of the year
246 18 - VARYING FORM OF TITLE
Title proper/short title Britannica world data annual
260 ## - PUBLICATION, DISTRIBUTION, ETC. (IMPRINT)
Place of publication Chicago :
Name of publisher Encyclopaedia Britannica, Inc.
300 ## - PHYSICAL DESCRIPTION
Number of Pages v. :
Other physical details ill. ;
Dimensions 29 cm.
500 ## - GENERAL NOTE
General note "The Britannica book of the year bridges the gap between editions [of the Encyclopaedia Britannica]."
500 ## - GENERAL NOTE
General note Issues for 1985-<2000> include: Britannica world data; for <2002-2003> include: World data.
500 ## - GENERAL NOTE
General note Description based on: 1939.
500 ## - GENERAL NOTE
General note Latest issue consulted: 2003.
650 #0 - SUBJECT ADDED ENTRY--TOPICAL TERM
Topical Term Encyclopedias and dictionaries.
650 #0 - SUBJECT ADDED ENTRY--TOPICAL TERM
Topical Term Yearbooks.
650 #0 - SUBJECT ADDED ENTRY--TOPICAL TERM
Topical Term History, Modern
650 #0 - SUBJECT ADDED ENTRY--TOPICAL TERM
Topical Term History, Modern
650 #2 - SUBJECT ADDED ENTRY--TOPICAL TERM
Topical Term Encyclopedias as Topic.
710 2# - ADDED ENTRY--CORPORATE NAME
Corporate name or jurisdiction name as entry element Encyclopaedia Britannica, inc.
942 ## - ADDED ENTRY ELEMENTS (KOHA)
Koha item type សៀវភៅភាសាអង់គ្លេស
952 ## - LOCATION AND ITEM INFORMATION (KOHA)
Withdrawn status [LOCAL, KOHA] 0
Holdings
Permanent Location Date acquired Koha item type Lost status Shelving location Barcode Current Location Full call number
Library Block A2018-05-28សៀវភៅភាសាអង់គ្លេស A123A19005Library Block A032 ENC 1990 A123 Or.
មជ្ឈមណ្ឌលឯការនៃសាកលវិទ្យាល័យភូមិន្ទកសិកម្មចំការដូង

Powered by Koha